Economic structure and organization

שמור ב:
מידע ביבליוגרפי
מחבר ראשי: Lim Chong-Yah
פורמט: ספר
שפה:Undetermined
יצא לאור: Singapore Oxford University Press 1973
נושאים:
תגים: הוספת תג
אין תגיות, היה/י הראשונ/ה לתייג את הרשומה!
Thư viện lưu trữ: Trung tâm Học liệu Trường Đại học Cần Thơ
LEADER 00561nam a2200193Ia 4500
001 CTU_89339
008 210402s9999 xx 000 0 und d
082 |a 330.9 
082 |b Y13 
100 |a Lim Chong-Yah 
245 0 |a Economic structure and organization 
245 0 |c Lim Chong-Yah [and others] 
260 |a Singapore 
260 |b Oxford University Press 
260 |c 1973 
650 |a Malaysia,Singapore,Economics 
650 |x Economic conditions,Economic conditions 
904 |i Năm 
980 |a Trung tâm Học liệu Trường Đại học Cần Thơ